书目信息 |
| 题名: |
功能语言学与外语教学
|
|
| 作者: | 张德禄, , 苗兴伟, , 李学宁 著 | |
| 分册: | ||
| 出版信息: | 北京 外语教学与研究出版社 2009.07 |
|
| 页数: | 392页 | |
| 开本: | 21cm | |
| 丛书名: | 中国英语教师丛书 | |
| 单 册: | ||
| 中图分类: | H319 | |
| 科图分类: | ||
| 主题词: | 功能 (语言学)--gong neng ( yu yan xue )--应用--外语教学--研究 | |
| 电子资源: | ||
| ISBN: | 978-7-5600-5166-6 | |
| 000 | 01168cam 2200325 450 | |
| 001 | CAL 012005145791 | |
| 005 | 20110829172236.32 | |
| 010 | @a978-7-5600-5166-6@dCNY26.00 | |
| 100 | @a20051217d2009 km y0chiy0121 ea | |
| 101 | 0 | @achi@aeng |
| 102 | @aCN@b110000 | |
| 105 | @aak a 001yy | |
| 106 | @ar | |
| 200 | 1 | @a功能语言学与外语教学@Agong neng yu yan xue yu wai yu jiao xue@f张德禄, 苗兴伟, 李学宁著 |
| 210 | @a北京@c外语教学与研究出版社@d2009.07 | |
| 215 | @a392页@c图@d21cm | |
| 225 | 2 | @a中国英语教师丛书@Azhong guo ying yu jiao shi cong shu |
| 300 | @a本书系教育部人文社科规划项目“系统功能语言学语言教学理论研究”的主要成果 | |
| 314 | @a张德禄,1955年出生,中国海洋大学外语学院院长、教授。 | |
| 320 | @a有书目 (第351-371页) 和索引 | |
| 330 | @a本书旨在探讨如何把系统功能语言学理论应用于外语教学。 | |
| 410 | 0 | @12001 @a中国英语教师丛书 |
| 586 | @a | |
| 606 | 0 | @a功能 (语言学)@Agong neng ( yu yan xue )@x应用@x外语教学@x研究 |
| 690 | @aH319@v5 | |
| 701 | 0 | @a张德禄,@AZhang Delu@f1955-@4著 |
| 701 | 0 | @a苗兴伟,@AMiao Xingwei@f1967-@4著 |
| 701 | 0 | @a李学宁@Ali xue ning@4著 |
| 801 | 0 | @aCN@c20110610 |
| 905 | @dH319@eZ0901@f3 | |
| 功能语言学与外语教学/张德禄, 苗兴伟, 李学宁著.-北京:外语教学与研究出版社,2009.07 |
| 392页:图;21cm.-(中国英语教师丛书) |
| 本书系教育部人文社科规划项目“系统功能语言学语言教学理论研究”的主要成果 |
| ISBN 978-7-5600-5166-6:CNY26.00 |
| 本书旨在探讨如何把系统功能语言学理论应用于外语教学。 |
| ● |
| 相关链接 |
|
|
|
正题名:功能语言学与外语教学
索取号:H319/Z0901
 
预约/预借
| 序号 | 登录号 | 条形码 | 馆藏地/架位号 | 状态 | 备注 |
| 1 | 888767 | 208887677 | 语言库209/209语言库 42排2列3层/ [索取号:H319/Z0901] | 在馆 | |
| 2 | 888768 | 208887686 | 期刊室512/209语言库 42排2列3层/ [索取号:H319/Z0901] | 在馆 | |
| 3 | 888769 | 208887695 | 语言库209/209语言库 42排2列3层/ [索取号:H319/Z0901] | 在馆 |